LEADER 01450nam a2200325 u 4500 001 000000042342 003 CaOOAMICUS 005 20150724155621.0 008 990225s1987 it u000 u ita u 035 $a10815476 040 $aPUL(R)$bita 041 1 $aita$hger 100 1 $aWeizsäcker, Carl Friedrich von,$d1912-$0(OLS)http://pul/name/31110 240 14$aDie Zeit drängt.$lItaliano.$0(OLS)http://pul/title/57127 245 13$aIl tempo stringe :$bun'Assise mondiale dei cristiani per la giustizia, la pace e la salvaguardia della creazione /$cCarl Friedrich von Weizsäcker. 260 $aBrescia :$bQueriniana,$c1987. 300 $a130 p.$c20 cm 490 1 $aGiornale di teologia ;$v174 504 $aBibliografia p. 129-130. 650 4$aChiesa.$0(OLS)http://pul/subject/2116 830 0$aGiornale di teologia ;$v174.$0(OLS)http://pul/title/9027 850 $aPUL 852 $aPUL$W1$xSL Religione 3$y85$m200 GDT 1.174$j57249$nBK-PRI$qDDC 21$B57249$CPULBib$Z2$F57249 $82 852 $aPUL$W1$xDP1 Fondo S. Lanza$y121$m3 M 24.174$j167987$qFondi$B168545$CPULBib$Z2$F168545 $HLAN417 $82 941 1 $a9 941 1 $a1 961 $aINV: 60166 983 0$aGdT. 996 $6245$aIl tempo stringe :$bun'Assise mondiale dei cristiani per la giustizia, la pace e la salvaguardia della creazione$9(OLS)http://pul/title/57128 996 $6260$aBrescia :$bQueriniana$9(OLS)http://pul/publisher/47906 LEADER 00962naa a2200217 u 4500 001 000000095957 003 CaOOAMICUS 005 20070226130144.0 008 040716s1982 it u000 u eng u 020 $a8800851398 (v. 2) 035 $a11004591 040 $aIAR$bita 100 1 $aRiconda, Giuseppe.$0(OLS)http://pul/name/11993 245 10$aCriticism of western civilization in the works og Konstantin Leontyev /$cGiuseppe Riconda. 260 $aFlorence :$bLe Monnier,$c1982. 300 $av.2, S. 117-125, ;$c21 cm 773 0 $aThe common Christian roots of the European nations.$gv. 2. 773 0 $tThe Common Christian roots of the European nations : an international colloquium in the Vatican$w()5837 996 $6020$a8800851398 (v. 2)$9(OLS)http://pul/number/125467 996 $6245$aCriticism of western civilization in the works og Konstantin Leontyev$9(OLS)http://pul/title/122834 996 $6260$aFlorence :$bLe Monnier$9(OLS)http://pul/publisher/51024